Hercules of Tongchudrak : (Record no. 10561)

MARC details
000 -LEADER
fixed length control field 00468nam a22001577a 4500
005 - DATE AND TIME OF LATEST TRANSACTION
control field 20260511054706.0
008 - FIXED-LENGTH DATA ELEMENTS--GENERAL INFORMATION
fixed length control field 260511b |||||||| |||| 00| 0 eng d
020 ## - INTERNATIONAL STANDARD BOOK NUMBER
International Standard Book Number 9789998059627
082 ## - DEWEY DECIMAL CLASSIFICATION NUMBER
Classification number 628.5 DHR c4
100 ## - MAIN ENTRY--PERSONAL NAME
Personal name Dhratyul Dorji
245 ## - TITLE STATEMENT
Title Hercules of Tongchudrak :
Remainder of title learnings to unlearn and relearn to build a great nation.
260 ## - PUBLICATION, DISTRIBUTION, ETC.
Place of publication, distribution, etc. Thimphu :
Name of publisher, distributor, etc. Alu Quchu Publishing,
Date of publication, distribution, etc. 2023.
300 ## - PHYSICAL DESCRIPTION
Extent p. 514;
Dimensions 30 Cm.
942 ## - Added entry Elements (Koha)
Source of classification or shelving scheme Dewey Decimal Classification
Koha item type Main
Holdings
Withdrawn status Lost status Source of classification or shelving scheme Damaged status Not for loan Collection code Home library Current library Shelving location Date acquired Cost, normal purchase price Inventory number Total Checkouts Full call number Barcode Date last seen Price effective from Koha item type
    Dewey Decimal Classification     Main TEST RTC Library RTC Library Main opac 11/05/2026 699.00 19932   628.5 DHR C4 30021150 11/05/2026 11/05/2026 Main
Royal Thimphu College || All Right Reserved